Hawkesbrook Leisure Ltd v The Reece-Jones Partnership (Record no. 74529)

MARC details
000 -LEADER
fixed length control field 01411cam a2200217 4500
001 - CONTROL NUMBER
control field ABS68255
008 - FIXED-LENGTH DATA ELEMENTS--GENERAL INFORMATION
fixed length control field 040907n2004 000 0 eng u
035 ## - SYSTEM CONTROL NUMBER
System control number (Sirsi) u127278
245 ## - TITLE STATEMENT
Title Hawkesbrook Leisure Ltd v The Reece-Jones Partnership
260 ## - PUBLICATION, DISTRIBUTION, ETC.
Date of publication, distribution, etc. 2004
490 ## - SERIES STATEMENT
Series statement Estates Gazette
Volume/sequential designation [2004] 25 EG 172-176(5)
520 ## - SUMMARY, ETC.
Summary, etc. [2003] EWHC 3333( Ch), 18 November 2003. Concerned with deciding a preliminary issue on liability in proceedings brought by claimant (H) for damages for negligence against defendant (RJ). H, owned by London Transport was a non-profit making company limited by guarantee set up to look after two sports grounds owned by parent company. RJ had been instructed by H to make applications under the Landlord and Tenant Act 1954 Act Part II for renewal of the leases on the sports grounds. RJ served notices under s26 of the 1954 Act but failed to make the necessary applications to the court. RJ denied liability on the grounds that H did not fulfil the profit making requirements of s23 of the 1954 Act. Held that H was in occupation for the purposes of s23.
650 ## - SUBJECT ADDED ENTRY--TOPICAL TERM
Topical term or geographic name entry element HAWKESBROOK LEISURE LTD v THE REECE-JONES PARTNERSHIP
650 ## - SUBJECT ADDED ENTRY--TOPICAL TERM
Topical term or geographic name entry element LANDLORD AND TENANT ACT 1954 PART II
650 ## - SUBJECT ADDED ENTRY--TOPICAL TERM
Topical term or geographic name entry element LANDLORD AND TENANT ACT 1954 S23
650 ## - SUBJECT ADDED ENTRY--TOPICAL TERM
Topical term or geographic name entry element PROFIT
650 ## - SUBJECT ADDED ENTRY--TOPICAL TERM
Topical term or geographic name entry element NEGLIGENCE
650 ## - SUBJECT ADDED ENTRY--TOPICAL TERM
Topical term or geographic name entry element LIABILITY
690 ## - LOCAL SUBJECT ADDED ENTRY--TOPICAL TERM (OCLC, RLIN)
Topical term or geographic name as entry element LANDLORD AND TENANT-BUSINESS TENANCIES-CASE LAW
942 ## - ADDED ENTRY ELEMENTS (KOHA)
Suppress in OPAC 0
Holdings
Withdrawn status Lost status Source of classification or shelving scheme Damaged status Not for loan Home library Current library Shelving location Date acquired Total Checkouts Full call number Barcode Date last seen Copy number Price effective from Koha item type
    Dewey Decimal Classification     London London Journal article 07/09/2004   ABS68255 127278-1001 06/08/2019 1 06/08/2019 Law report